000 00466nam a2200181Ia 4500
001 22361
005 20260414150826.0
008 260414t2004||||xx |||||||||||||| ||spa||
041 _aESP
082 _a621.38
_bC64 P. 3-4
100 _aAcademia de Networking de Cisco Systems
_eAUT
245 0 _aGuía del segundo año CCNA 3 y 4
_b
260 _c2004
300 _axlii, 896 páginas :
_c24 cm.
650 _aTCA
654 _aCET
942 _cLIB
_dJUS
_fJUS
_2ddc
_n
999 _c22361
_d22361